| 000 | 00509nam a2200217Ia 4500 | ||
|---|---|---|---|
| 003 | 0100 | ||
| 008 | 130307s9999 xx 000 0 und d | ||
| 040 | _cARRUPELIB | ||
| 050 | _aD511.D24 1998 | ||
| 100 | _aDarby, Graham | ||
| 245 | 4 | _aThe origins of the first world war | |
| 260 | _aLondon | ||
| 260 | _bLongman | ||
| 260 | _c1998 | ||
| 300 | _a115p. | ||
| 300 | _b23 cm. | ||
| 440 | _aLongman history in depth | ||
| 650 | _aHISTORY | ||
| 650 | _bChristian ethics--Catholic authors | ||
| 942 | 0 | 0 | _01 |
| 999 |
_c99694 _d99694 |
||